[Event "16th IND-chT Women 2018"]
[Site "Patia"]
[Date "2018.02.14"]
[Round "7"]
[White "Soumya, Swaminathan"]
[Black "Yagna, Priya Polisetty"]
[Result "1-0"]
[WhiteElo "2349"]
[BlackElo "1112"]
[Annotator "TA"]
[PlyCount "77"]
[EventDate "2018.??.??"]
[EventType "team-tourn"]
[EventCountry "IND"]
[SourceTitle "playchess.com"]
[Source "ChessBase"]
[SourceQuality "1"]

{[%evp 12,77,43,37,45,35,63,61,95,95,124,87,86,98,102,82,195,154,160,0,195,202,197,204,276,254,394,415,674,670,600,710,750,790,774,768,968,552,681,-210,-17,-268,-285,-248,-275,-265,-46,-174,-177,-324,-322,-288,-257,-256,-260,-245,-254,-228,-237,-251,-250,-237,-239,-29992,-157,-187,0,-183]} 1. e4 {[%cal Be2e4,Be4e5][%mdl 32]} e6 2. d4 d5 3. Nc3 Bb4 4. e5 c5 5. a3 Bxc3+ 6. bxc3 cxd4 7. cxd4 Ne7 {C18: Französische Verteidigung (Nimzowitsch-Variante)} 8. Bd3 Nbc6 9. Qg4 Ng6 {Weiß steht etwas besser.} (9... Qc7 10. Nf3 Bd7 11. O-O O-O-O 12. Qxg7 Rhg8 13. Qh6 Nf5 14. Bxf5 exf5 15. Bg5 Rde8 16. Bf6 Be6 17. Qxh7 Qa5 18. Qh6 Rg4 {½-½ (45) Polzin,R (2465)-De Francesco,K (2246) Austria 2012}) 10. Nf3 Bd7 11. h4 $146 ({Vorgänger:} 11. O-O Qb6 12. Be3 O-O-O 13. Ng5 Rdf8 14. Rfb1 {0-1 (53) Nagle,M (1449)-Matz,J (1785) San Francisco 2014}) 11... h5 12. Qg3 Nce7 13. Bd2 Rg8 (13... Rc8 $16 {ist wohl besser.}) 14. Qg5 Rh8 15. Qg3 Rg8 $1 16. Rb1 b6 17. Ng5 Qc7 18. Qf3 Nf5 (18... Rf8 $142 19. c3 Nf5) 19. c4 $18 (19. Bxf5 exf5 20. O-O (20. Qxd5 Bc6 $16) 20... Rc8 $16) 19... Nge7 (19... O-O-O $142 20. Bxf5 (20. Nxf7 Ngxh4 21. Qxh5 Be8 $18) (20. Qxh5 Rh8 $16) 20... Nxe5 21. dxe5 Qxe5+ 22. Be3 Qxf5) 20. cxd5 exd5 21. Rc1 Qd8 22. Qxh5 {[%csl Gg5][%cal Rh5f7]} g6 23. Qh7 {[%csl Gg5][%cal Rh7f7]} Rf8 24. Nf3 Rb8 25. Rc8 $4 {[%mdl 8192]} (25. O-O $18) 25... Qxc8 $2 ({Günstiger ist} 25... Rxc8 $19 26. g4 Qc7 27. gxf5 Bxf5 28. Bb5+ Bd7) 26. g4 $2 {[%mdl 8192] [#]} (26. O-O $1 $11) 26... Nxd4 $1 $19 27. Nxd4 Qc5 ({Schwächer ist} 27... Bxg4 28. Nb5 $15) 28. Nc2 {[#]} d4 $2 (28... Bxg4 29. Bb4 $17) (28... Bb5 $1 $19 {[%cal Rb5d3]} 29. Bb4 Qc6 30. Bxb5 Qxb5) 29. Qg7 ({Der einzige Zug:} 29. O-O $1 $15) 29... Bxg4 {Und weiter mit ...Lf5 wäre nett.} 30. Rg1 (30. Nb4 $142) 30... Bf5 31. Bb4 Qd5 ({Auf keinen Fall} 31... Bxd3 32. Bxc5 bxc5 33. Kd2 $19) 32. Bxe7 Kxe7 33. Qf6+ Ke8 34. Bxf5 gxf5 35. Qxf5 d3 36. Nb4 Qd4 37. Qc8+ $2 (37. Qxd3 $19 Rd8 38. Qxd4 Rxd4 39. Ke2) 37... Qd8 $2 (37... Rxc8 {setzt Matt} 38. Kd2 Qxf2+ 39. Kxd3 Qxg1 40. Ke2 Rg8 41. Nd5 Rg3 42. Nc7+ Rxc7 43. Kd2 Qh2+ 44. Ke1 Rg1#) 38. Qxd8+ Kxd8 $2 (38... Rxd8 $19 39. Kd2 Rd4) 39. Nxd3 $2 {[%mdl 32768] Precision: Weiß = 33%, Schwarz = 38%. . Loss on Time!?} (39. Nc6+ $11 {und Weiss steht sicher.} Kd7 40. Nxb8+ Rxb8 41. Kd2) 1-0

[Event "16th IND-chT Women 2018"]
[Site "Patia"]
[Date "2018.02.14"]
[Round "7"]
[White "Kulkarni, Bhakti"]
[Black "Saranya, Y."]
[Result "1-0"]
[WhiteElo "2290"]
[BlackElo "1966"]
[Annotator "TA"]
[PlyCount "93"]
[EventDate "2018.??.??"]
[EventType "team-tourn"]
[EventCountry "IND"]
[SourceTitle "playchess.com"]
[Source "ChessBase"]
[SourceQuality "1"]

{[%evp 9,93,18,57,47,47,43,36,17,37,-8,22,3,9,-13,-1,-4,0,-8,-10,-43,-1,-13,-8,-26,-16,-21,-12,-7,-13,-12,0,5,0,0,0,0,21,0,0,-31,-7,-24,-19,-34,-13,-65,-34,-49,-34,-53,-41,-53,0,0,0,0,0,0,0,-67,-79,-89,-90,-79,95,88,203,192,235,235,235,235,368,357,384,232,431,222,984,368,355,284,284,260,504,501]} 1. d4 d5 2. c4 e6 3. Nc3 Nf6 4. Bf4 c6 5. e3 Qa5 (5... Bd6 6. Bxd6 Qxd6 7. Nf3 O-O 8. Qc2 Nbd7 9. Rd1 b6 10. Be2 Bb7 11. O-O Qe7 12. e4 dxe4 13. Nxe4 c5 14. Nc3 cxd4 15. Nxd4 {1-0 (46) Kramnik,V (2777)-Dubov,D (2661) Berlin 2015}) 6. a3 {D35: Queen's Gambit Declined: Exchange Variation} dxc4 7. Bxc4 Nd5 8. Nge2 {White is slightly better.} (8. Nf3 {keeps more tension.} Nxf4 9. exf4 Be7 10. O-O O-O 11. Re1) 8... Nxf4 9. exf4 $146 (9. Nxf4 {looks sharper.} Be7 10. O-O O-O 11. Qc2 Nd7 12. Rfd1) ({Predecessor:} 9. Nxf4 Be7 10. O-O O-O 11. b4 Qd8 12. Qb3 a5 13. Ne4 {½-½ (20) Ryan,J (2258)-Moreno Martin,D (2194) Sant Boi 2017}) 9... Be7 10. O-O O-O 11. Ne4 Nd7 12. Rc1 Nf6 13. Nxf6+ (13. Nd2 {feels hotter.} Rd8 14. Qc2 Bd7 15. Bd3 Qh5 16. Nc4) 13... Bxf6 14. Qc2 Qh5 15. Rfd1 g6 16. Ba2 Bg7 17. Qe4 Qf5 18. Qe3 Rd8 19. Rd2 Bd7 20. Ng3 {[%cal Be2g3,Bg3e4,Be4g5,Bg5f3][%mdl 32]} Qf6 21. Ne4 Qe7 22. Ng5 Rac8 23. Nf3 Be8 24. b4 b6 25. Rdc2 Bf8 26. h3 Qd6 27. Rc4 ({White should try} 27. Bb3 $11) 27... Ra8 28. Bb1 a5 29. Be4 {[%cal Re4c6]} axb4 30. axb4 Ra4 ({Better is} 30... b5 $15 31. Rc5 Qb8) 31. Bxc6 $11 Rxb4 32. Bxe8 Rxe8 33. Rc6 Qd5 34. Rc7 ({White should play} 34. Qe5 $11) 34... Bd6 $15 35. Ra7 Rb3 36. Qd2 Qe4 $2 (36... Bb8 $17 {stays on course.} 37. Raa1 Rd8) 37. Rxf7 $1 $16 {[#] Hoping for Ng5.} Rxf3 (37... h6 $16 {was worth a try.} 38. Rd7 Bxf4) 38. gxf3 $18 Qxf3 39. Rd7 Bxf4 40. Qc3 Qe4 {[#]} (40... Qxc3 {was necessary.} 41. Rxc3 Bg5) 41. Qc8 $1 {[%cal Rc8e8][%mdl 512]} Kf8 (41... Rxc8 42. Rxc8#) 42. Qc6 ({Less strong is} 42. Rxh7 Bxc1 43. Rh8+ (43. Qxc1 Ra8 $14) 43... Kg7 $16) 42... Qf5 $2 (42... Qxc6 {keeps fighting.} 43. Rxc6 Re7 44. Rxe7 Kxe7 45. Rxb6 h5) 43. Rc3 $40 {[%mdl 128] Black is in trouble.} (43. Rxh7 $142 {Qxe8+! would kill now.} Bxc1 44. Rh8+ (44. Qxc1 Kg8 $16) 44... Kg7 45. Rxe8) 43... g5 $2 (43... Re7 44. Rxe7 Kxe7 45. Qxb6 Qe4) 44. Qxb6 $2 (44. Qb7) 44... Qe4 {Black hopes to continue with ...Qe1+.} 45. Qb7 Qxb7 ({Stronger than} 45... Qe1+ 46. Kg2 Bc7 47. Rdxc7 Qg1+ 48. Kxg1 Kg8 49. Rxh7 Re7 50. Rxe7 Kh8 51. Re8#) 46. Rxb7 Rd8 $2 (46... h5 47. h4 Re7) 47. Rxh7 {Precision: White = 41%, Black = 33%.} 1-0

[Event "16th IND-chT Women 2018"]
[Site "Patia"]
[Date "2018.02.14"]
[Round "7"]
[White "Meenakshi, Subbaraman"]
[Black "Saranya, J."]
[Result "1-0"]
[WhiteElo "2193"]
[BlackElo "2077"]
[Annotator "TA"]
[PlyCount "95"]
[EventDate "2018.??.??"]
[EventType "team-tourn"]
[EventCountry "IND"]
[SourceTitle "playchess.com"]
[Source "ChessBase"]
[SourceQuality "1"]

{[%evp 20,95,40,30,55,13,88,75,85,75,93,50,75,66,89,43,110,42,95,42,141,20,173,19,15,8,43,35,31,41,33,0,0,-37,0,0,8,0,60,0,11,0,0,0,0,0,0,0,0,-14,0,0,77,72,496,479,691,682,812,99,133,112,124,98,114,95,121,122,208,127,273,258,1227,1210,29981,29981,29982,29982]} 1. d4 Nf6 2. c4 g6 3. Nf3 Bg7 4. g3 d6 5. Bg2 O-O 6. Nc3 Nbd7 7. O-O e5 8. e4 c6 9. b3 Re8 10. Bb2 Qc7 {E68: King's Indian: Fianchetto: 6...Nbd7 7 0-0 e5 8 e4} (10... exd4 11. Nxd4 Nc5 12. Re1 Ng4 13. b4 Qb6 14. a3 a5 15. Na2 axb4 16. axb4 Na4 {0-1 (16) Vachier Lagrave,M (2795)-Grischuk,A (2750) chess.com INT 2017}) 11. Qd2 {LiveBook: 4 Games} b6 12. d5 c5 (12... cxd5 $11 {keeps the balance.} 13. Nxd5 (13. exd5 Nc5 $11) 13... Nxd5 14. exd5 (14. cxd5 Nc5 $11) 14... Nc5) 13. Ne1 $146 ({Predecessor:} 13. a4 Nf8 14. Ne1 Nh5 15. Nd3 f5 16. f3 a6 17. Nf2 Bd7 18. Bh3 Qc8 19. Bg2 h6 20. Ne2 Nf6 21. Qc2 {½-½ (21) Koskoska,G (2117)-Salihi,K Skopje 2011}) 13... a6 14. Nd3 Ng4 15. Qe2 Nf8 16. h3 Nh6 17. f4 f6 (17... exf4 $14 18. Nxf4 (18. Rxf4 Nf5 $11) 18... Nf5) 18. Rf2 ({White should play} 18. fxe5 $16 dxe5 19. Rf2) 18... Ra7 (18... exf4 $14 19. gxf4 (19. Rxf4 Nd7 $11) (19. Nxf4 Nf7 $14) 19... Nf5) 19. Raf1 (19. fxe5 $16 dxe5 20. Nd1) 19... Qd8 (19... exf4 $14 20. Nxf4 (20. Rxf4 Nd7 $11) 20... Nf7) 20. Bc1 (20. f5 $16) 20... Nf7 $2 (20... exf4 $1 $11 {and Black has nothing to worry.} 21. Nxf4 (21. Bxf4 Nf7 $14) 21... Nf7) 21. Kh1 $2 ({White must play} 21. f5 $1 $18) 21... exf4 $11 22. Nxf4 f5 23. Qd2 fxe4 24. Nxe4 Bf5 25. Ne6 ({White should try} 25. Nc3 $14) 25... Nxe6 $15 26. dxe6 Rxe6 27. Nc3 $1 Re8 28. g4 Be6 ({Better is} 28... Bxc3 $11 29. Qxc3 Be6) 29. Nd5 (29. Ne4 $14) 29... Kh8 30. Nf4 Ne5 31. Nxe6 Rxe6 32. Bd5 Re8 33. Bb2 b5 34. g5 b4 35. Qf4 Qe7 (35... a5 $11) 36. Qg3 $16 {[%mdl 1024] White has strong compensation.} a5 $2 {[%mdl 8192] [#]} (36... Qd8 $16 {is more resistant.}) 37. Rf4 $1 $18 {[%cal Rf4h4]} Qd8 (37... Rd7 $142 38. Rh4 Bf8) 38. Rh4 {Intending Rxh7+! and mate.} Bf8 39. Bf7 $2 (39. Rf6 $18 {has better winning chances.} Rg7 40. Re4) 39... Rxf7 40. Rxf7 Bg7 41. Rf1 $40 {[%mdl 128] White goes for the king.} Qd7 42. Rhf4 Qe6 43. Qg2 Qd7 (43... Kg8 $16 {keeps fighting.}) 44. Kh2 a4 {[#]} (44... Qe7 $16 45. Qd5 Qd8) 45. Qd5 $1 a3 $2 {[#]} (45... axb3 46. axb3 Qe7) 46. Rf8+ $1 {[%mdl 512]} Rxf8 47. Rxf8+ Bxf8 48. Bxe5+ {Precision: White = 30%, Black = 17%.} 1-0

[Event "16th IND-chT Women 2018"]
[Site "Patia"]
[Date "2018.02.14"]
[Round "7"]
[White "Divya Lakshmi R"]
[Black "Vijayalakshmi, Subbaraman"]
[Result "0-1"]
[WhiteElo "1926"]
[BlackElo "2352"]
[Annotator "TA"]
[PlyCount "132"]
[EventDate "2018.??.??"]
[EventType "team-tourn"]
[EventCountry "IND"]
[SourceTitle "playchess.com"]
[Source "ChessBase"]
[SourceQuality "1"]

{[%evp 23,132,0,0,0,0,0,47,25,55,52,51,56,78,69,75,45,56,34,41,29,56,5,31,0,8,2,3,10,9,-23,13,-20,12,23,58,57,66,57,132,-203,-188,-217,52,-41,-34,-20,-26,-50,0,-429,48,40,48,45,40,33,32,-17,-14,-42,0,-24,-17,-20,-10,-418,-404,-458,-469,-406,-17,-25,0,-635,-619,-976,-816,-1496,-1425,-29991,-534,-544,-35,-36,-39,-108,-130,-29992,-4714,-4132,-675,-1046,-974,-1054,-966,-5306,-190,-501,-467,-29971,-29967,-5587,-5189,-29984,-29985,-29989,-29990,-29990,-29991,-29992,-29993]} 1. e4 e5 2. Nf3 Nc6 3. Bb5 a6 4. Ba4 Nf6 5. d3 d6 6. c3 g6 7. O-O Bg7 8. Nbd2 O-O 9. Re1 b5 10. Bb3 Na5 {C77: Ruy Lopez: 3...a6 4 Ba4 Nf6, unusual lines} 11. Bc2 c5 12. Nf1 Nc6 {LiveBook: 4 Games. The position is equal.} (12... h6 13. Bd2 Nc6 14. a4 Be6 15. Ne3 Qd7 16. Bb3 Rfb8 17. Bxe6 Qxe6 18. h3 {0-1 (52) Areshchenko,A (2694)-Efimenko,Z (2701) Kiev 2011}) 13. Bg5 h6 14. Bh4 b4 $146 ({Find the theoretical novelty and annotate with similar games:} 14... Qb6 15. Qd2 Kh7 16. h3 Be6 17. Ne3 Rfe8 18. g4 {1-0 (32) Camino Carrio,N (2136)-Martin Luis,C (2252) La Laguna 2007}) 15. Ne3 bxc3 16. bxc3 g5 17. Bg3 Qa5 18. Ba4 Ne7 19. Nc4 Qc7 20. Rb1 Be6 21. Nfd2 Ng6 22. Qc2 (22. Rb6 $14) 22... h5 (22... d5 $5 {[%cal Rd5c4]} 23. Nb6 Rab8 24. exd5 Nxd5 25. Nxd5 Bxd5 $11) 23. h3 h4 24. Bh2 g4 25. hxg4 Nxg4 26. Nf3 Nxh2 27. Kxh2 Bh6 28. Ne3 Kh7 29. Nf5 Rh8 30. Rh1 (30. Nxh6 Kxh6 31. Bb3 Nf4 $11) 30... Rag8 (30... Bg7 $14) 31. g3 $2 {[%mdl 8192]} (31. Nxh6 Kxh6 32. Kg1 Kg7 $15) (31. Kg1 $1 $16) 31... hxg3+ $19 32. fxg3 Ne7 $2 (32... Bxf5 $1 $19 33. exf5 Nf4 $1 {[%mdl 512]}) 33. N3h4 (33. Nxh6 $14 Kxh6 34. Kg2+ Kg7 35. Ng5) 33... Nxf5 34. Nxf5 Bxf5 35. exf5 Qe7 {And now ...Rxg3 would win.} 36. Kg2 $2 {[%mdl 8192] [#]} (36. Qf2 $11) 36... Rg4 $2 (36... Rxg3+ $1 $19 {[%mdl 512]} 37. Kf1 (37. Kxg3 $2 {too greedy.} Qg5+ 38. Kf2 Qe3+ 39. Kf1 Qf3+ 40. Ke1 Qxh1+ 41. Kf2 Qh2+ 42. Kf1 Qh3+ 43. Qg2 Qxd3+ 44. Qe2 Qxf5+ 45. Qf2 Qxb1+ $19) 37... Qg5) 37. Rh3 $14 Kg7 38. Qd1 Qg5 39. Bd7 Kf6 40. Qe2 Rg8 $36 {[%cal Rg4g3][%mdl 2048] Black has good play.} 41. Qf2 Rh4 42. Rbh1 Rxh3 43. Rxh3 Qc1 {Strongly threatening ...Be3.} 44. d4 $2 {[%mdl 8192]} (44. Rh1 $11 {and White has nothing to worry.} Qd2 45. c4) 44... Be3 $19 45. dxe5+ Ke7 46. Qe2 {Black should prevent e6.} dxe5 $2 (46... Kxd7 $19 47. Kf3 Qg1) 47. Bc6 Rb8 {[#]} 48. Kf3 $2 {[%mdl 8192] [#]} (48. f6+ $1 $11 {[%mdl 512]} Kxf6 49. Qf3+ Ke7 50. Rh5 Qxc3 51. Kh3) 48... Rb2 $1 {[%cal Rb2e2]} 49. Qd3 {[#] Intending Qd7+ and mate.} Rd2 $1 50. f6+ Kxf6 51. Qxa6 Rd6 (51... Qd1+ $142 52. Ke4 Rd6 53. Kxe3 Qd2+ 54. Ke4 Qg2+ 55. Ke3 Qxh3 56. Qe2 Qh6+ 57. Ke4 Rxc6 58. Qe3 Qxe3+ 59. Kxe3 Ra6 60. Kd3 Rxa2 61. Ke4 c4 62. g4 Ra3 63. g5+ Ke6 64. g6 fxg6 65. Kf3 Rxc3+ 66. Ke4 Rc2 67. Ke3 Kf5 68. Kf3 c3 69. Ke3 Rd2 70. Kf3 c2 71. Kg3 c1=Q 72. Kh4 Rh2+ 73. Kg3 Qf4#) 52. Qe2 Bg5 $2 ({Less strong is} 52... Rxc6 53. Qxe3 Qf1+ 54. Kg4 $17) ({Black should play} 52... Kg7 $19 53. Be4 Rd2 54. Kxe3 (54. Rh7+ Kg8 $19) 54... Rxa2+ 55. Kf3 Rxe2 56. Rh7+ Kf6 57. Kxe2 Qxc3) 53. Kg4 $15 {aiming for Qf3+.} Qxc3 54. Qf2+ (54. Be4 $15) 54... Ke7 $17 55. Kxg5 $4 {[%mdl 8192]} (55. Be4 $17) 55... Rxc6 {[%mdl 4096] Endgame KQR-KQR} (55... Rg6+ $142 56. Kf5 Qd3+ 57. Kxe5 Re6+ 58. Kf4 Rf6+ 59. Kg5 Qg6+ 60. Kh4 Qh7+ 61. Kg5 Qg7+ 62. Kh5 Rh6#) 56. Rh7 Qc4 (56... Qc1+ $142 57. Kg4 Qd1+ 58. Kh3 Qh1+ 59. Qh2 Qf1+ 60. Kh4 c4) 57. Qf3 e4 58. Qf4 Qe6 {( -> ...Qg6+)} 59. Rh8 Qg6+ (59... e3 $142 {...e2 is the strong threat.} 60. Qb8 Qd5+ 61. Kg4 Rg6+ 62. Kf4 Qc4+ 63. Kf3 Rf6+ 64. Qf4 Rxf4+ 65. gxf4 e2) 60. Kh4 $19 Qf6+ 61. Kg4 (61. Qxf6+ $19 Rxf6 62. Kg5) 61... Qxh8 62. Qxe4+ Kd6 63. Qf4+ Qe5 {Black mates.} 64. Qxf7 Qe6+ 65. Qxe6+ Kxe6 66. Kf4 c4 {Precision: White = 31%, Black = 25%.} 0-1

[Event "16th IND-chT Women 2018"]
[Site "Patia"]
[Date "2018.02.14"]
[Round "7"]
[White "Rindhiya, V."]
[Black "Tania, Sachdev"]
[Result "0-1"]
[WhiteElo "1848"]
[BlackElo "2402"]
[Annotator "TA"]
[PlyCount "72"]
[EventDate "2018.??.??"]
[EventType "team-tourn"]
[EventCountry "IND"]
[SourceTitle "playchess.com"]
[Source "ChessBase"]
[SourceQuality "1"]

{[%evp 16,72,6,1,0,-41,-37,-58,-70,-81,-70,-74,-64,-76,-77,-81,-74,-181,-177,-180,-171,-402,-411,-498,-289,-450,-366,-365,-361,-433,-445,-797,-810,-810,-788,-772,-817,-1152,-1152,-1302,-1135,-29975,-29976,-29975,-29977,-29977,-29976,-29970,-29971,-6229,-5377,-29981,-29982,-29990,-29991,-29991,-29992,-29992,-29993]} 1. e4 e5 2. Nf3 Nc6 3. Bc4 Bc5 4. d3 Nf6 5. c3 d6 6. b4 Bb6 7. a4 a5 8. b5 Ne7 9. Bg5 Ng6 {C54: Giuoco Piano: 4 c3 Nf6, main lines with 5 d4 and 5 d3} 10. h3 (10. Nh4 Nxh4 11. Bxh4 h6 12. Nd2 Qe7 13. Ba2 Be6 14. Nc4 Bc5 15. Qe2 O-O 16. O-O g5 17. Bg3 {½-½ (28) Bonafede,A (2411)-Godena,M (2519) Rome 2016}) 10... h6 11. Bc1 $146 ({Predecessor:} 11. Bd2 O-O 12. O-O c6 13. Na3 d5 14. exd5 cxd5 15. Bb3 Bf5 16. Re1 e4 17. dxe4 dxe4 {0-1 (38) Alchinidi,Y (1997)-Zimmer,R (2142) Dresden 2013}) 11... c6 {Black is slightly better.} 12. O-O O-O 13. bxc6 bxc6 14. Bb3 Re8 15. Na3 d5 16. Qc2 (16. Re1 $17) 16... Nh5 $19 17. exd5 cxd5 18. c4 $2 (18. Kh2) 18... Nhf4 19. cxd5 {[#]} Bf5 (19... Bxh3 $142 $1 {[%mdl 512]} 20. gxh3 Qd7 21. Bxf4 Nxf4) 20. Bc4 (20. Bxf4 {was necessary.} Nxf4 21. d6) 20... e4 21. dxe4 Bxe4 22. Qb3 {[#]} Nxg2 $1 {[%mdl 512]} 23. Nd2 (23. d6 $142 Ra7 24. Bd5 (24. Nb5 $2 N2h4 $19)) (23. Kxg2 Nh4+) 23... N2f4 24. Nxe4 Rxe4 25. Qf3 {[#]} Qh4 $1 {[%mdl 512]} 26. Kh2 {[#]} Bc7 $1 {[%mdl 512] ( -> ...Nxh3+)} 27. Qg3 Qh5 {Threatens to win with ...Nxh3.} 28. Kh1 Nxh3 29. f4 {[#]} Rxc4 $1 {[%mdl 512]} 30. Nxc4 Nhxf4+ 31. Qh2 Qxd5+ 32. Kg1 Qxc4 33. Bxf4 Nxf4 {Black mates.} 34. Rad1 Bb6+ 35. Rf2 Bxf2+ 36. Kxf2 Qc2+ {Precision: White = 32%, Black = 85%.} 0-1

[Event "16th IND-chT Women 2018"]
[Site "Patia"]
[Date "2018.02.14"]
[Round "7"]
[White "Chaitanya, V.."]
[Black "Gomes, Mary Ann"]
[Result "0-1"]
[WhiteElo "1813"]
[BlackElo "2329"]
[Annotator "TA"]
[PlyCount "78"]
[EventDate "2018.??.??"]
[EventType "team-tourn"]
[EventCountry "IND"]
[SourceTitle "playchess.com"]
[Source "ChessBase"]
[SourceQuality "1"]

{[%evp 9,78,-8,-9,-21,-32,-43,-27,-56,-47,-55,-56,-56,-52,-132,-42,-56,0,0,12,-30,0,-6,0,0,0,0,0,0,0,0,7,-24,12,-45,-81,-107,-74,-112,-107,-151,-149,-193,-186,-215,-191,-245,-244,-276,-303,-312,-305,-344,-325,-374,-366,-399,-398,-464,-475,-607,-574,-476,-477,-692,-443,-1085,-963,-2085,-2064,-2406,-2204]} 1. e4 c5 2. Nf3 a6 3. c3 d5 4. e5 (4. exd5 Qxd5 5. d4 Bg4 6. dxc5 Qxc5 7. Be3 Qc7 8. Nbd2 Nf6 9. h3 Bh5 10. Qa4+ Nc6 11. Nd4 Rc8 12. Nxc6 Qxc6 13. Qxc6+ Rxc6 {½-½ (42) Anand,V (2782)-Artemiev,V (2691) Riadh 2017}) 4... d4 5. Bc4 e6 6. d3 {B28: Sicilian: 2 Nf3 a6 (O'Kelly Variation)} Nc6 7. Qe2 $146 ({Predecessor:} 7. O-O Nge7 8. Bg5 h6 9. Bh4 Qc7 10. Bg3 Nf5 11. Re1 {0-1 (26) Lauterbach,K (1517)-Weihrauch,J (1988) Magdeburg 2017}) 7... Nge7 8. Nbd2 {Black has an edge.} Ng6 9. O-O b5 {[%cal Bb7b5,Bb5b4][%mdl 32]} 10. Bb3 $1 Bb7 11. a4 (11. Ne4 $15) 11... dxc3 (11... Nf4 $17 12. Qe4 g5) 12. bxc3 $15 Nf4 (12... b4 $15) 13. Qe3 $1 $11 {[%cal Re3f4]} Nxd3 14. Ba3 b4 15. Bc4 bxc3 (15... bxa3 {feels hotter.} 16. Bxd3 Na5 17. Nc4 Be7 18. Nfd2 O-O) 16. Bxd3 cxd2 17. Be4 Na5 18. Bxb7 Nxb7 19. Nxd2 Be7 20. Ne4 Qc7 21. Qg3 (21. Rab1 $11) 21... O-O $15 {[%cal Bh8f8,Bf8d8,Bd8d4][%mdl 32]} 22. Rfc1 Rfd8 23. h3 Rd4 24. Qe3 {[#] Hoping for Qxd4!} Rxa4 25. Nc3 Rc4 26. Ne2 Rxc1+ 27. Bxc1 (27. Rxc1 {was called for.} Rd8 28. Nc3) 27... Na5 $19 28. Qg3 Nc6 29. Bb2 a5 30. Nf4 Nd4 31. Bxd4 cxd4 32. Nh5 {[%csl Gh5][%cal Rg3g7]} g6 33. Qf3 Rd8 {Black is clearly winning.} 34. Nf6+ Bxf6 35. exf6 d3 {[%cal Bd4d3,Bd3d2][%mdl 32]} 36. Rd1 (36. Qe4 $142) 36... d2 37. Qe3 (37. Qe4 $142) 37... Qc2 38. Qe2 a4 {[%cal Ba5a4,Ba4a3][%mdl 32]} 39. Qf3 {[#]} a3 $1 {Precision: White = 16%, Black = 70%.} 0-1

[Event "16th IND-chT Women 2018"]
[Site "Patia"]
[Date "2018.02.14"]
[Round "7"]
[White "Advaita, Sharma K"]
[Black "Karavade, Eesha"]
[Result "0-1"]
[WhiteElo "1302"]
[BlackElo "2386"]
[Annotator "TA"]
[PlyCount "43"]
[EventDate "2018.??.??"]
[EventType "team-tourn"]
[EventCountry "IND"]
[SourceTitle "playchess.com"]
[Source "ChessBase"]
[SourceQuality "1"]

{[%evp 21,43,-14,-14,-39,0,0,0,-39,-25,-33,-29,-59,-54,-64,0,-52,-52,-50,-37,-43,-41,-39,0,-146]} 1. e4 c5 2. Nc3 Nc6 3. f4 g6 4. Nf3 Bg7 5. Bc4 e6 6. f5 Nge7 7. fxe6 dxe6 8. O-O O-O 9. d3 Na5 10. Bb3 Nxb3 11. axb3 e5 {LiveBook: 3 Games. B23: Closed Sicilian: Lines without g3} 12. Qe1 f6 13. Qh4 Be6 14. Be3 (14. Bh6 Nc6 15. Bxg7 Kxg7 16. Rf2 Qd7 17. Nd2 Rf7 18. Nc4 Raf8 19. Raf1 {0-1 (56) Gasanov,E (2471)-Selin,O (2432) Alushta 2002}) 14... b6 15. Rf2 Qd7 $146 ({Find the theoretical novelty and annotate with similar games:} 15... Nc6 16. Raf1 Nd4 17. g4 Qd7 18. Rg2 {½-½ (33) Flach,E (2147)-Kersten,U (2296) Frankfurt 2014}) 16. Raf1 Nc6 17. Qg3 Ne7 18. Qh4 $1 Rae8 19. Qg3 g5 20. h3 h6 21. Bd2 Rd8 22. Be3 {Precision: White = 35%, Black = 67%.} (22. Nh2 $11 {keeps the balance.}) 0-1